[Event "85th ch-FRA"]
[Site "Belfort FRA"]
[Date "2010.08.19"]
[Round "10"]
[White "Edouard, R."]
[Black "Tkachiev, V."]
[Result "1-0"]
[WhiteElo "2620"]
[BlackElo "2639"]
[PlyCount "39"]
[EventDate "2010.08.09"]

1. e4 e5 2. Nf3 Nc6 3. Bb5 a6 4. Ba4 b5 5. Bb3 Na5 6. O-O d6 7. Re1 Nf6 8. d4
Nd7 $2 $146 9. dxe5 Nxb3 {#} 10. Bg5 $1 f6 11. exf6 gxf6 {#} (11... Nxa1 $2 12.
f7+ Kxf7 13. Bxd8) 12. e5 $3 {Inspired and absolutely fantastic.} dxe5 (12...
fxg5 13. exd6+ Kf7 14. dxc7 Qf6 (14... Qxc7 $2 15. Nxg5+ $1 Kf6 16. Ne6 Qc6 17.
Nd8 $1 {And Black must give up the queen or be mated.}) 15. axb3 Kg7 16. Nc3
Qd6 17. Nxg5 Qxd1 18. Ne6+ Kf7 19. Nd8+ Kg7 20. Raxd1 $18) (12... Nxe5 13. Nxe5
dxe5 (13... fxg5 14. Qh5+ Ke7 15. Qf7#) 14. Rxe5+ {etc. As in the game.}) 13.
Nxe5 Nxe5 {#} 14. Rxe5+ $1 Be7 15. Qh5+ Kd7 16. Bxf6 $1 Nxa1 17. Bxe7 Qxe7 18.
Rxe7+ Kxe7 19. Qc5+ Kf7 20. Qxc7+ 1-0